Twarzą w twarz - województwa Polski #1 - Statystyki

Ogólne statystyki
  • Ten quiz został rozwiązany 2 515 razy
  • Średni wynik to 11 z 15
Statystyki odpowiedzi
Zagadnienie Odpowiedź % Poprawnych
Stolicą którego województwa jest Szczecin?
97%
Które województwo jest większe pod względem powierzchni?
92%
Które województwo posiada wyróżniki tablic rejestracyjnych K oraz J?
88%
Na terenie którego województwa znajduje się Górnośląska Zagłębiowska Metropolia?
84%
Które województwo graniczy z Ukrainą?
78%
Które województwo jest wysunięte bardziej na wschód?
78%
W którym województwie położony jest Opatowiec, najmniejsze miasto w Polsce?
75%
Kluby z którego województwa nigdy w historii nie wystąpiły w piłkarskiej Ekstraklasie?
74%
W którym województwie położony jest PN Gór Stołowych?
73%
Na terenie którego współczesnego województwa urodził się Andrzej Duda?
67%
W którym województwie stopa bezrobocia jest niższa niż 5%?
64%
Przez które województwo przepływa rzeka Wisła?
59%
Które województwo ma niższą gęstość zaludnienia?
55%
Przez które województwo nie przebiega autostrada A1, inaczej zwana Autostradą Bursztynową?
48%
W którym województwie znajduje się najkrótsza droga wojewódzka w całej Polsce?
38%
Nie znaleziono quizów pasujących do podanych kryteriów
Rozkład punktacji
Procent ludzi z każdym wynikiem
Percentyl według liczby udzielonych odpowiedzi
Twoja historia wyników
Nie rozwiązałeś tego quizu